L'Argentine pour les touristes... - Statistiques

Statistiques générales
  • Ce quiz a été pris 32 fois
  • Le résultat moyen est 9 sur 20
Statistiques - réponses
Question Indice Réponses % Correct
Quelles sont les langues officielles ? Espagnol
100%
La conduite se fait à droite ou à gauche ? Droite
81%
Avez-vous besoin d'un visa ? (oui/non) Non
81%
Dans la capitale quel est le décalage horaire avec Paris ? (+ ou - et chiffre) ex - 10 - 5
74%
Achats à faire 2/ Produit de la vigne Vin
71%
Combien d'heures (environ) mettrez-vous pour vous y rendre ? (en chiffres) 14
68%
Le suffixe internet est ar
68%
Le principal aéroport est B Buenos Aires
68%
La vitesse est limitée hors des villes à {130} km/h
58%
La religion majoritaire est Catholicisme
42%
Achats à faire 1/ Délice au cacao Chocolat
42%
Achats à faire 3/ CD de... Tango
39%
Quelle est la monnaie ? Peso argentin
29%
Quelles sont les langues officielles ? Quechua
26%
Comment se nomme la principale compagnie aérienne locale AA Aerolinas Argentinas
10%
Quels sont les climats locaux ? T & C {Tempéré} & {Continental}
10%
Quelles sont les langues officielles ? Aymara
6%
Quelles sont les principaux lieux touristiques ? C El {Chalten}
3%
Quelles sont les principaux lieux touristiques ? I Parc national {Ischigualasto}
0%
Quelles sont les principaux lieux touristiques ? T Parc national {Talampaya}
0%
Aucun quiz correspondant
Distribution des résultats
% des personnes avec chaque résultat
Percentile par nombre de réponses
Votre historique - résultats
Vous n’avez pas pris ce quiz